Most Populous Islands of the Greater Caribbean - Statistics

General Stats
  • This quiz has been taken 45 times
    44 since last reset
  • The average score is 15 of 26
Answer Stats
Population Answer % Correct
9 979 814 Cuba
100%
2 838 830 Jamaica
95%
1 267 145 Trinidad
95%
22 278 000 Hispaniola
93%
3 241 085 Puerto Rico
90%
179 857 Saint Lucia
90%
72 412 Dominica
88%
95 882 Antigua
83%
282 493 Barbados
83%
60 735 Tobago
83%
106 203 Aruba
80%
117 710 Grenada
80%
349 925 Martinique
80%
100 000 Saint Vincent
80%
148 925 Curaçao
76%
73 777 Saint Martin
54%
489 917 Margarita Island
32%
76 154 Isla de la Juventud
22%
88 626 Cozumel
20%
75 000 Grand Cayman
20%
296 522 New Providence
20%
182 599 Basse-Terre
17%
78 000 San Andrés
17%
197 603 Grande-Terre
15%
110 000 Roatán
10%
87 077 Gonâve Island
7%
No matching quizzes found
Score Distribution
Percent of People with Each Score
Percentile by Number Answered
Your Score History
You have not taken this quiz since the last reset